000 00632nam a2200181 a 4500
001 000021994
005 20200930011533.0
008 100915s2004 cu r 000 0 spa d
020 _a9592710155
040 _aDO-SdBNP
_bspa
_cBNPHU
082 _aNNN
_bG216a
100 1 _aGarcía Marruz, Fina,
_d1923-
_919415
245 1 0 _aEl amor como energía revolucionaria en José Martí /
_cFina García Marruz ; edición Imeldo Álvarez García.
260 _aLa Habana, Cuba :
_bCentros de Estudios Martianos,
_c2004.
300 _a324, [6] p. ;
_c22 cm.
590 _aInventariado, 2019/BT
700 1 _aÁlvarez García, Imeldo,
_eed.
_95962
999 _c21492
_d21492